The sounds of the world's languages / (رقم التسجيلة. 79591)

تفاصيل مارك
000 -الفاتح
حقل البيانات ثابتة الطول 00973cam a2200265 a 4500
001 - رقم الضبط
رقم الضبط 2071501
003 - محدد رقم الضبط
رقم الضبط MU
005 - وقت وتاريخ اخر تعامل مع التسجيلة
رقم الضبط 20211229045807.0
008 - عناصر البيانات ثابتة الطول - معلومات عامة
حقل البيانات ثابتة الطول 941227s1996 enka b 001 0 eng
020 ## - الرقم الدولى المعيارى للكتب
الرقم الدولى المعيارى للكتاب 9780631198154
040 ## - مصدر الفهرسة
وكالة الفهرسة الأصلية DLC
وكالة النسخ DLC
وكالة التعديل DLC
050 00 - رقم طلب مكتبة الكونجرس
رقم التصنيف P221
رقم المادة .L24 1996
082 00 - رقم تصنيف ديوى العشرى
رقم التصنيف 414
رقم المادة LPS
رقم الطبعة 21
100 1# - المدخل الرئيسى - إسم شخصى
الإسم الشخصى Ladefoged, Peter.
245 14 - بيان العنوان
العنوان The sounds of the world's languages /
بيان المسئوليه,etc Peter Ladefoged and Ian Maddieson.
260 ## - PUBLICATION, DISTRIBUTION, ETC. (IMPRINT)
مكان الناشر او الموزع Oxford, OX, UK ;
-- Cambridge, Mass., USA :
اسم الناشر او الموزع Blackwell Publishers,
تاريخ النشر أو التوزيع 1996.
300 ## - الوصف المادى
التعداد xxi, 425 p. :
تفاصيل ماديه اخرى للوعاء ill. ;
أبعاد الوعاء 26 cm.
504 ## - تبصرة ببليوجرافية
تبصرة ببليوجرافية,الخ Includes bibliographical references (p. [383]-407) and index.
650 #0 - المدخل الاضافى بالموضوع-مصطلح موضوعى
مصطلح موضوعي أو اسم جغرافي كعنصر مدخل Phonetics.
700 1# - المدخل الاضافى - اسم شخصى
الإسم الشخصى Maddieson, Ian.
952 ## - LOCATION AND ITEM INFORMATION (KOHA)
نوع المادة فى نظام كوها كتاب
952 ## - LOCATION AND ITEM INFORMATION (KOHA)
نوع المادة فى نظام كوها كتاب
952 ## - LOCATION AND ITEM INFORMATION (KOHA)
نوع المادة فى نظام كوها كتاب
952 ## - LOCATION AND ITEM INFORMATION (KOHA)
نوع المادة فى نظام كوها كتاب
952 ## - LOCATION AND ITEM INFORMATION (KOHA)
نوع المادة فى نظام كوها كتاب
952 ## - LOCATION AND ITEM INFORMATION (KOHA)
نوع المادة فى نظام كوها كتاب
952 ## - LOCATION AND ITEM INFORMATION (KOHA)
نوع المادة فى نظام كوها كتاب
440 #0 - بيان السلسلة/مدخل إضافى-العنوان
العنوان Phonological theory
9 (RLIN) 88998
942 ## -
-- ddc
-- BOOK
906 ## - عنصر بيانات محلى F, LDF (RLIN)
a 7
b cbc
c orignew
d 1
e ocip
f 19
g y-gencatlg
المقتنيات
حالة الفقد نموذج السعر الفعال حالة تلف ليس للاعارة تاريخ الاكتساب رقم الطلب تاريخ الاكتساب الموقع الحالي الباركود الفرع الرئيسي Date last seen مصدر التصنيف او خطة الترفيف Total Checkouts
  2021-12-29     2021-12-29 414 LPS 2021-12-29 CL 00168368 المكتبة المركزية بالمجمعة (CL) 2021-12-29 Dewey Decimal Classification  
  2021-12-29     2021-12-29 414 LPS 2021-12-29 CL 00168369 المكتبة المركزية بالمجمعة (CL) 2021-12-29 Dewey Decimal Classification  
  2021-12-29     2021-12-29 414 LPS 2021-12-29 CL 00168370 المكتبة المركزية بالمجمعة (CL) 2021-12-29 Dewey Decimal Classification  
  2021-12-29     2021-12-29 414 LPS 2021-12-29 EMF 00168373 مكتبة مجمع الطالبات بالمجمعة (EMF) 2021-12-29 Dewey Decimal Classification  
  2021-12-29     2021-12-29 414 LPS 2021-12-29 EMF 00168374 مكتبة مجمع الطالبات بالمجمعة (EMF) 2021-12-29 Dewey Decimal Classification  
  2021-12-29     2021-12-29 414 LPS 2021-12-29 EZF 00168371 مكتبة كلية التربية بالزلفى - طالبات (EZF) 2021-12-29 Dewey Decimal Classification  
  2021-12-29     2021-12-29 414 LPS 2021-12-29 EZF 00168372 مكتبة كلية التربية بالزلفى - طالبات (EZF) 2021-12-29 Dewey Decimal Classification